BIBLIOTHÈQUE DE LA MAISON DU MEXIQUE

Logo 1 Logo 2

Cielos de la tierra (notice nᵒ 12163)

détails MARC
000 -Sello discográfico
campo de control de longitud fija 00797nam a2200289 4500
005 - Identificación de versión
campo de control 20251017062750.0
010 ## - Número Estándar Internacional de Libros (ISBN)
Número (ISBN) 968-19-0330-7
035 ## - Otros números de control del sistema
Número de control del sistema 2683
099 ## - fechas locales
Tipo de ítem Koha LIBRO
100 ## - Datos de procesamiento general
Datos de procesamiento general 20120423d1997 m y1spay5003 ba
105 ## - Campo de datos codificados: Material textual, monográfico
Datos codificados de monografía y 001ay
200 1# - Título y mención de responsabilidad
Título propio Cielos de la tierra
Designación general del material texto impreso
Primer mención de responsabilidad Carmen Boullosa
205 ## - Declaración de edición
Declaración de edición 2a reimpr de la 1a ed
210 ## - Publicación, distribución, etc.
Lugar de publicación, distribución, etc. México
Nombre del editor, distribuidor, etc. Alfaguara
Fecha de publicación, distribución, etc. 1997
215 ## - Descripción física
Designación de material específico y extensión del ítem 369 p
Dimensiones 22 cm
345 ## - Nota de información de adquisición
Fuente de adquisición/dirección de la suscripción [OBSOLETO] Donación
606 ## - Término temático usado como materia
Elemento de entrada Novela mexicana
Subdivisión cronológica Siglo XX
Número Koha 64
660 ## - Código de área geográfica
Código MX
700 ## - Nombre personal - Responsabilidad primaria
Elemento de entrada Boullosa Velásquez
Parte del nombre distinta del elemento de entrada María del Carmen
Fechas 1954-
Número Koha 6444
801 #0 - Fuente de origen
País FR
Agencia cm
Reglas de catalogación (convenciones descriptivas) AFNOR
900 ## -
-- 1/89
900 ## -
-- 7100011869\210200
942 ## - ELEMENTOS DE ENTRADA SECUNDARIOS (KOHA)
Tipo de ítem Koha Livre
996 ## -
-- MEX
-- 751145101
-- MMAG
-- 002578
-- 863.4 B764CI
-- 20120423LIV
Exemplaires
Estatus retirado Estado de daño Estado de pérdida Fecha de adquisición Biblioteca de origen Biblioteca actual Ubicación en estantería Código de barras Precio de reemplazo Signatura topográfica completa No para préstamo Tipo de ítem Koha Nota pública Nota no pública
      05/08/2025 Casa México Paris Casa México Paris   002578 05/08/2025 863.4 B764CI   Livre 20120423LIV 751145101